Robot operating system (ROS) for absolute beginners : robotics programming made easy (Record no. 296542)

MARC details
000 -LEADER
fixed length control field 00499nam a2200169Ia 4500
008 - FIXED-LENGTH DATA ELEMENTS--GENERAL INFORMATION
fixed length control field 240404s9999 xx 000 0 und d
020 ## - INTERNATIONAL STANDARD BOOK NUMBER
International Standard Book Number 9781484284803
041 ## - LANGUAGE CODE
Language code of text/sound track or separate title English
082 ## - DEWEY DECIMAL CLASSIFICATION NUMBER
Classification number 629.892  JOS;1  R
100 ## - MAIN ENTRY--PERSONAL NAME
Personal name Joseph, Lentin. Johny, Aleena.
245 #0 - TITLE STATEMENT
Title Robot operating system (ROS) for absolute beginners : robotics programming made easy
250 ## - EDITION STATEMENT
Edition statement 2nd ed
260 ## - PUBLICATION, DISTRIBUTION, ETC.
Date of publication, distribution, etc. 2022
Name of publisher, distributor, etc. Apress Media
Place of publication, distribution, etc. New York
300 ## - PHYSICAL DESCRIPTION
Extent xv, 283
500 ## - GENERAL NOTE
General note Content page available
942 ## - ADDED ENTRY ELEMENTS (KOHA)
Koha item type Reference Books

No items available.

© For any Suggestions or Query, please contact the library staff @ librarian@pes.edu or Phone: +9180 2672 1983/ 2108.